01016cam a22002534a 450000100090000000300040000900500170001300800410003001000170007102000180008804000090010604200080011508200200012310000310014324500700017426000580024430000100030244000290031250000690034150400630041085600910047385600920056485601060065612832915OSt20200611152944.0020626s2002 enka b 001 0 eng  a 2002027051 a9780192802392 coclc apcc00a700.4113bBUT/P aButler, Christopherd1940-10aPostmodernism :ba very short introduction /cChristopher Butler. aOxford ;aNew York :bOxford University Press,c2002. a142 p 0aVery short introductions a"First published as a Very Short Introduction 2002"--T.p. verso. aIncludes bibliographical references p. 129-131) and index.423Publisher descriptionuhttp://www.loc.gov/catdir/enhancements/fy0613/2002027051-d.html413Table of contents onlyuhttp://www.loc.gov/catdir/enhancements/fy0613/2002027051-t.html423Contributor biographical informationuhttp://www.loc.gov/catdir/enhancements/fy0724/2002027051-b.html